Social tensions in India (Record no. 85748)

MARC details
000 -LEADER
fixed length control field 00841cam a2200289 4500
001 - CONTROL NUMBER
control field sa 68014390
003 - CONTROL NUMBER IDENTIFIER
control field DLC
005 - DATE AND TIME OF LATEST TRANSACTION
control field 20260227112631.0
008 - FIXED-LENGTH DATA ELEMENTS--GENERAL INFORMATION
fixed length control field 700220s1968 ii b 000 0 eng
010 ## - LIBRARY OF CONGRESS CONTROL NUMBER
LC control number sa 68014390
025 ## - OVERSEAS ACQUISITION NUMBER
Overseas acquisition number PL480:I-E-10910
040 ## - CATALOGING SOURCE
Original cataloging agency DLC
Transcribing agency DLC
Modifying agency DLC
043 ## - GEOGRAPHIC AREA CODE
Geographic area code a-ii---
050 00 - LIBRARY OF CONGRESS CALL NUMBER
Classification number DS430
Item number .G53
082 00 - DEWEY DECIMAL CLASSIFICATION NUMBER
Classification number 309.1/54
100 1# - MAIN ENTRY--PERSONAL NAME
Personal name Ghurye, G. S.
Fuller form of name (Govind Sadashiv),
Dates associated with a name 1893-1983.
245 10 - TITLE STATEMENT
Title Social tensions in India
Statement of responsibility, etc. [by] G. S. Ghurye.
260 ## - PUBLICATION, DISTRIBUTION, ETC.
Place of publication, distribution, etc. Bombay,
Name of publisher, distributor, etc. Popular Prakashan
Date of publication, distribution, etc. [1968]
300 ## - PHYSICAL DESCRIPTION
Extent xi, 552, [2] p.
Dimensions 25 cm.
350 ## - PRICE (NR) (BK AM CF MU VM SE) [OBSOLETE]
Price 72.00
500 ## - GENERAL NOTE
General note "Theses by students of Dr. G. S. Ghurye": p. [553]
504 ## - BIBLIOGRAPHY, ETC. NOTE
Bibliography, etc. note Bibliographical footnotes.
650 #0 - SUBJECT ADDED ENTRY--TOPICAL TERM
Topical term or geographic name entry element Muslims
Geographic subdivision India.
651 #0 - SUBJECT ADDED ENTRY--GEOGRAPHIC NAME
Geographic name India
General subdivision Social conditions.
650 #0 - SUBJECT ADDED ENTRY--TOPICAL TERM
Topical term or geographic name entry element Minorities
Geographic subdivision India.
650 #0 - SUBJECT ADDED ENTRY--TOPICAL TERM
Topical term or geographic name entry element Social conflict
Geographic subdivision India.

No items available.

Powered by Koha